LEADER 00856nam2 2200241 i 450 001 VAN0049565 005 20090722120000.0 100 $a20060811d1978 |0itac50 ba 101 $aita 102 $aIT 105 $a||||f ||||| 200 1 $aˆ3: ‰Fluidi-Lotta biologica 210 $aRoma$cIstituto della enciclopedia italiana$dc1978 215 $aIX, 1080 p., [65] c. di tav.$cill.$d32 cm. 461 1$1001VAN0046902$12001 $aEnciclopedia del Novecento$1205 $aRoma : Istituto della Enciclopedia italiana$1210 $dv. ; 32 cm$1215 $aDir. Aldo Ferrabino.$v3 606 $aEnciclopedie$3VANC017470$2FI 620 $dRoma$3VANL000360 676 $a035.1$v21 712 $aIstituto della Enciclopedia italiana$3VANV108292$4650 801 $aIT$bSOL$c20230616$gRICA 912 $aVAN0049565 996 $aFluidi-Lotta biologica$91405972 997 $aUNICAMPANIA LEADER 02660nam0 2200481 i 450 001 VAN0114050 005 20230705111801.506 017 70$2N$a9789462391215 100 $a20180125d2015 |0itac50 ba 101 $aeng 102 $aNL 105 $a|||| ||||| 200 1 $aDifferential equations with involutions$fAlberto Cabada, F. Adrián F. Tojo 210 $a[Amsterdam]$cAtlantis$d2015 215 $aXIV, 154 p.$cill.$d24 cm 410 1$1001VAN0114048$12001 $aAtlantis briefs in differential equations$1210 $aParis [etc.]$cAtlantis$v2 500 1$3VAN0234971$aDifferential equations with involutions$91522923 606 $a34-XX$xOrdinary differential equations [MSC 2020]$3VANC021251$2MF 606 $a45G10$xOther nonlinear integral equations [MSC 2020]$3VANC022215$2MF 606 $a34B05$xLinear boundary value problems for ordinary differential equations [MSC 2020]$3VANC022677$2MF 606 $a34B27$xGreen functions for ordinary differential equations [MSC 2020]$3VANC022683$2MF 606 $a34A12$xInitial value problems, existence, uniqueness, continuous dependence and continuation of solutions to ordinary differential equations [MSC 2020]$3VANC022732$2MF 606 $a34C20$xTransformation and reduction of ordinary differential equations and systems, normal forms [MSC 2020]$3VANC022910$2MF 606 $a34B15$xNonlinear boundary value problems for ordinary differential equations [MSC 2020]$3VANC029108$2MF 606 $a47N20$xApplications of operator theory to differential and integral equations [MSC 2020]$3VANC029264$2MF 610 $aDifferential Equations with reflection$9KW:K 610 $aFunctional-Differential Equations of Carleman type$9KW:K 610 $aGreen's Function$9KW:K 610 $aMaximum principles$9KW:K 610 $aOrdinary Differential Equations with involutions$9KW:K 610 $aOrdinary differential equations$9KW:K 620 $dAmsterdam$3VANL001716 700 1$aCabada$bAlberto$3VANV080278$0721715 701 1$aTojo$bF. Adrián F.$3VANV088142$0755740 712 $aAtlantis$3VANV113618$4650 801 $aIT$bSOL$c20230707$gRICA 856 4 $uhttp://dx.doi.org/10.2991/978-94-6239-121-5$zE-book ? Accesso al full-text attraverso riconoscimento IP di Ateneo, proxy e/o Shibboleth 899 $aBIBLIOTECA DEL DIPARTIMENTO DI MATEMATICA E FISICA$1IT-CE0120$2VAN08 912 $fN 912 $aVAN0114050 950 $aBIBLIOTECA DEL DIPARTIMENTO DI MATEMATICA E FISICA$d08CONS e-book 0163 $e08eMF163 20180125 996 $aDifferential equations with involutions$91522923 997 $aUNICAMPANIA